| 000 | 00679nam a22001575i 4500 | ||
|---|---|---|---|
| 001 | 152102 | ||
| 003 | ES-MaACL | ||
| 005 | 20230906204532.0 | ||
| 008 | 051013s1881 it | |||||||| ||ita d | ||
| 040 |
_aCAM _bspa _cCAM |
||
| 245 | 0 | 0 |
_aBibliographie géologique et paléontologique de l'Italie _b: pour les soins du Comité d'Organisation du "II Congrès Geologique International à Bologne. |
| 260 |
_aBologne : _bNicolas Zanichelli, _c1881 ( _eModena : _fTipi di Nicola Zanichelli) |
||
| 300 |
_aVIII, 630 p. ; _c23 cm. |
||
| 711 | 2 |
_aCongrés Géologique International ( _n2º. _d1881. _cBologne) _9239 |
|
| 852 |
_aES-MaACL _jB-7994 _z-- Enc. hol. conservando la cub. original |
||
| 999 |
_c152102 _d152102 |
||